Pantagruel /

Hlavní autor: Rabelais, François, asi 1494-1553
Korporativní autor: Académie Goncourt
Jazyk: Francouzština
Vydáno: [Paris : EPI], 1985
Edice: Grands écrivains
Témata:
Fyzický popis: 191 s. ; 18 cm
Knihy
Uloženo v:
LEADER 00812nam a2200265 a 4500
001 000554174
003 CZ BrMZK
005 20000115143423.0
007 ta
008 000115s1985 fr fre d
020 |a 2-85018-486-1 
040 |a BOA001  |b cze 
080 |a 821.133.1-31  |2 MRF 
100 1 |a Rabelais, François,  |d asi 1494-1553  |7 jn19990006776 
245 1 0 |a Pantagruel /  |c Rabelais. 
260 |a [Paris :  |b EPI],  |c 1985 
300 |a 191 s. ;  |c 18 cm 
490 1 |a Grands écrivains 
541 |a Paris, Vivre Livres! 
655 7 |a francouzské romány  |7 fd132289  |2 czenas 
710 2 |a Académie Goncourt  |7 mzk2003195152 
830 0 |a Grands écrivains 
910 |a BOA001  |b 1-1084.922 
990 |a BK 
996 7 |b 2610134255  |c 1-1084.922  |l MZK  |r Sklad / do 1 hodiny  |n 4  |p dar  |w 000554174  |u 000010  |a 1  |e BOA001  |j MZK50  |s A